00508 2200193 4500001002100000005001500021035002000036007000300056008004100059020001500100082001100115084001700126100001700143245006700160250001000227260003600237300002900273990001200302INLIS00000000001109820220321103504 a0010-0322000277ta220321 g 0 ind  a9799078741 a153.42 a153.42 YAH d0 aYAHYA, Harun1 aDeep Thinking Bagaimana Seorang Muslim Berfikir /cHarun Yahya aCet.1 aJakarta :bRobbani Press,c2003 axlvi, 148 hlm ;c17,5 cm a1071361